| 000 | 00449nab a2200145Ia 4500 | ||
|---|---|---|---|
| 003 | ES-SlBCS | ||
| 005 | 20210601130448.0 | ||
| 008 | 140529s1960 xxu||||| |||| 00| 0 fre d | ||
| 041 | _afre | ||
| 100 | 1 |
_aPucelle, Jean _9164707 |
|
| 245 | 0 | 0 |
_aLa spiritualisation de l'espace et sa signification anthropologique _c Jean Pucelle |
| 650 | 0 | 4 |
_aHombre _917522 |
| 773 | 0 |
_tGiornali di Metafisica _gvol. 15, nº. 1, 1960, págs. 1 _w0017-0372 |
|
| 942 | _cAR | ||
| 999 |
_c547091 _d547091 |
||